000 00790nam a22001937a 4500
999 _c371772
_d371772
008 201127b ||||| |||| 00| 0 eng d
040 _aDE-2950
_bger
_cDE-2950
_erda
041 _ager
245 _a"Smart River" als Baustein der intelligenten Stadt.
_bHochwasserschutz. Ein Projekt aus Frankfurt war ursprünglich dazu gedacht, die Dämme auch in Polen zu kontrollieren. Jetzt soll es noch mehr leisten/
_cLisa Mahlke
264 _c2022
653 _aFrankfurt (Oder)
653 _aStadtentwicklung
653 _aStandortfaktor
773 _dFrankfurt (Oder) Märkisches Verlags- und Druckhaus GmbH & Co KG
_tMärkische Oderzeitung
_g33. Jahrgang (2022) Nr. 176 vom 30./31.07.2022, S. 19; Foto
942 _cA